The Matrix: Agent Smith Virus Monologue - Statistics

General Stats
  • This quiz has been taken 73 times
  • The average score is 69 of 117
Answer Stats
Answer % Correct
a
95%
A
95%
I
91%
like
88%
to
88%
the
86%
virus.
86%
an
84%
you
81%
You
81%
are
79%
and
77%
And
77%
Human
77%
know
70%
this
70%
is
67%
is?
67%
on
67%
that
67%
disease.
65%
do
65%
Do
65%
me
65%
we
65%
what
65%
not
63%
not.
63%
It
60%
it
60%
your
60%
beings
58%
when
58%
of
56%
There
56%
cure.
53%
Every
51%
every
51%
humans
51%
plague.
51%
planet
51%
planet.
51%
another
49%
share
49%
species.
49%
can
47%
organism
47%
resource
47%
you're
47%
had
44%
I've
44%
mammal
44%
same
44%
area
42%
area.
42%
but
42%
my
42%
until
42%
multiply
40%
only
40%
mammals.
37%
move
37%
natural
37%
revelation
37%
time
37%
actually
35%
came
35%
here.
35%
cancer
33%
pattern.
33%
way
33%
classify
30%
environment
30%
follows
30%
spread
30%
with
30%
realised
28%
survive
28%
tried
28%
consumed,
26%
equilibrium
26%
during
21%
surrounding
21%
develops
14%
instinctively
14%
No matching quizzes found
Score Distribution
Percent of People with Each Score
Percentile by Number Answered
Your Score History
You have not taken this quiz